000 00611nam a2200217 a 4500
003 DO-SdBNP
005 20250820085110.0
007 ta
008 250114e2024 dr a|||gr|||| 001 e spa d
040 _aDO-SdBNP
_bspa
_cBNPHU
_erda
082 4 _axxx
_bC357
_222
245 1 0 _aCátedra Biblioteca Nacional Pedro Henríquez Ureña
264 _aSanto Domingo :
_bBanco Popular,
_c2024
300 _a12 páginas ;
_c24 cm.
336 _ardacontent
_btexto
_2txt
337 _ardamedia
_bsin mediación
_2n
338 _ardacarrier
_bvolumen
_2nc
590 _aInventariado 2024/DG
910 _aDG
942 _2ddc
_cLF2
999 _c58049
_d58049